Un paso a través de la psicología social /
Se aborda el surgimiento de la psicología social. En la primera parte, se realiza un recorrido histórico del surgimiento de la disciplina; posteriormente se hace una revisión de los principales autores que han aportado a la construcción de dicho campo de estudio; en la siguiente parte, se describen...
Salvato in:
| Autore principale: | |
|---|---|
| Natura: | Libro |
| Lingua: | Spanish |
| Soggetti: | |
| Tags: |
Aggiungi Tag
Nessun Tag, puoi essere il primo ad aggiungerne!!
|
MARC
| LEADER | 00000nam a22000007a 4500 | ||
|---|---|---|---|
| 003 | cru CIDCACS/IIS | ||
| 005 | 20190301062528.0 | ||
| 007 | ta | ||
| 008 | 170810s2015 pn |a|||r|||| 00| 0 spa d | ||
| 999 | |c 19562 |d 19562 | ||
| 040 | |c cru CIDCACS/IIS | ||
| 100 | 1 | |9 5135 |a Sanjur Saldaña, David | |
| 245 | 1 | |a Un paso a través de la psicología social / |c David Sanjur Saldaña | |
| 300 | |a páginas 68-78 | ||
| 520 | |a Se aborda el surgimiento de la psicología social. En la primera parte, se realiza un recorrido histórico del surgimiento de la disciplina; posteriormente se hace una revisión de los principales autores que han aportado a la construcción de dicho campo de estudio; en la siguiente parte, se describen tres etapas para el estudio de la conducta en sociedad; más tarde se resaltan los objetivos iniciales de la disciplina. Finaliza desarrollando algunas de las faltas metodológicas que presenta la psicología social. | ||
| 650 | 1 | 0 | |a PSICOLOGIA SOCIAL |9 2120 |
| 650 | 1 | 0 | |9 136 |a HISTORIA |
| 650 | 1 | 0 | |9 391 |a COMPORTAMIENTO SOCIAL |
| 650 | 1 | 0 | |9 497 |a ACTITUDES |
| 650 | 1 | 0 | |9 2524 |a METODOS DE INVESTIGACION |
| 773 | 0 | |0 19259 |9 1088 |a Desarrollo Social y Cultural (Panamá) |d Panamá: Lotería Nacional de Beneficencia |o 18249 |t Lotería: |x 0024662X | |
| 942 | |2 ddc |c PP | ||
